000 00552nam a22002297a 4500
003 UA-OsUOA
001 38431
007 ta
008 20071210b un ||||| |||| 00| 0 ukr d
090 _a082
_bУ45
942 _cBK
040 _aUA-OsUOA
_bukr
_cUA-OsUOA
_dUA-OsUOA
245 _aУкраїнська орієнталістика
300 _a233 с.
955 _a1
041 _aukr
080 _a082
260 _aКиїв
_c2006
246 3 1 _aВип.1
650 7 _a08 Видання. Колективні праці
_2UDC
999 _c436944
_d436944